000 00306nam a22001337a 4500
008 170127b xxu||||| |||| 00| 0 eng d
020 _a9780073401997
041 _aeng
080 _26TH
_a61
100 _a3
101 _aSHM
245 _aCOMPUTERS IN THE MEDICAL OFFICE
_cSANDERSON, S.M
942 _2udc
_cBK
999 _c3850
_d3850